000 00686nam a2200229Ia 4500
001 10076
003 GE_BSU
008 181216s||||||||xx |||||||||||||| ||und||
040 _cGE_BSU
080 _a821.353.1.09
100 _aპაჭკორია,ოტია
245 _aდრო და სახეები
245 _bწერილები
245 _cრედ.მ.ჯაფარიძე.მხატვ.ა.თოდრია
260 _aთბილისი
260 _bმერანი
260 _c1973
300 _a179გვ.20სმ.
653 _aდრო და სახეები
653 _aწერილები
942 _cBK
999 _c43348
_d43348